00246nam a2200109Ia 4500008004100000100001900041245002100060260002100081650001200102942000700114999001500121190216s9999||||xx |||||||||||||| ||und|| aRobert Dorfman 4aThe Price System bTwice Life Books aEnglish cBK c9470d9470